Click: (Record no. 16264)

MARC details
000 -LEADER
fixed length control field 01000 a2200277 4500
005 - DATE AND TIME OF LATEST TRANSACTION
control field 20081006124514.0
008 - FIXED-LENGTH DATA ELEMENTS--GENERAL INFORMATION
fixed length control field 081006t xxu||||| |||| 00| 0 eng d
010 ## - LCCN (DPL NO)
LC control number ENG-91166
020 ## - INTERNATIONAL STANDARD BOOK NUMBER
International Standard Book Number 9780070264779
Terms of availability 275.00
020 ## - INTERNATIONAL STANDARD BOOK NUMBER
International Standard Book Number 0070264775
035 ## - SYSTEM CONTROL NUMBER
System control number EN-74699
037 ## - SOURCE OF ACQUISITION
Source of stock number/acquisition DBAD / PUB
040 ## - CATALOGING SOURCE
Original cataloging agency dpl
Language of cataloging English
082 ## - DEWEY DECIMAL CLASSIFICATION NUMBER
Classification number 177.62
100 ## - MAIN ENTRY--PERSONAL NAME
Personal name Fraser, George C.
245 ## - TITLE STATEMENT
Title Click:
Statement of responsibility, etc by George C. Fraser
Remainder of title ten truths for building extraordinary relationships /
260 ## - PUBLICATION, DISTRIBUTION, ETC. (IMPRINT)
Place of publication, distribution, etc New Delhi
Name of publisher, distributor, etc Tata Mc-Graw Hill Publishing
Date of publication, distribution, etc 2008
270 ## - ADDRESS
Address 7, West Patel Nagar
City New Delhi
Postal code 110 008
300 ## - PHYSICAL DESCRIPTION
Extent xL, 213p.
Dimensions 23cm. (pbk.)
500 ## - GENERAL NOTE
General note Includes index
650 ## - SUBJECT ADDED ENTRY--TOPICAL TERM
Source of heading or term Business networks
650 ## - SUBJECT ADDED ENTRY--TOPICAL TERM
Source of heading or term Interpersonal relations
650 ## - SUBJECT ADDED ENTRY--TOPICAL TERM
Source of heading or term International attractions
942 ## - ADDED ENTRY ELEMENTS (KOHA)
Institution code [OBSOLETE] dpl
Item type English Books
Source of classification or shelving scheme Dewey Decimal Classification
Call number suffix FRA
Classification part 177.62
Holdings
Withdrawn status Lost status Source of classification or shelving scheme Damaged status Not for loan Collection code Home library Current library Date acquired Cost, normal purchase price Total Checkouts Full call number Barcode Date last seen Copy number Cost, replacement price Koha item type
    Dewey Decimal Classification   Not For Loan Non-fiction D.B.Act.Division D.B.Act.Division 06/10/2008 275.00   177.62 FRA EN-74699 06/10/2008 1 275.00 English Books

© Delhi Public Library
Hit Counter
free hit counter